| 000 | 01214nam a2200253Ia 4500 | ||
|---|---|---|---|
| 999 |
_c52945 _d52945 |
||
| 001 | 19975 | ||
| 003 | GE_BSU | ||
| 005 | 20200524233203.0 | ||
| 008 | 181216s2007||||ge |||||||||||||| ||geo|| | ||
| 020 | _a978-9941-11-011-5 | ||
| 040 | _cGE_BSU | ||
| 041 | _ageo | ||
| 080 | _a811.353.1(038)+087.5 ბ-54 | ||
| 100 |
_aბეროზაშვილი, თამარ _98176 |
||
| 245 |
_aქართული ენის სასკოლო განმარტებითი ლექსიკონი / _cთამარ ბეროზაშვილი ; სამეცნ. რედ. ავთანდილ არაბული. |
||
| 250 | _a1-ლი გამოცემა | ||
| 264 |
_aთბილისი : _bდიოგენე, _c2007. |
||
| 300 |
_a327 გვ. ; _c24 სმ. |
||
| 541 | _h14 ლ. | ||
| 653 | _aქართული ენა | ||
| 653 | _aქართული ენის სასკოლო განმარტებითი ლექსიკონი | ||
| 710 |
_a არნოლდ ჩიქობავას სახელობის ენათმეცნიერების ინსტიტუტი _98177 |
||
| 942 |
_cBK _2udc |
||